[Event "DEM U10 2025"]
[Site "Willingen GER"]
[Date "2025.06.14"]
[Round "9"]
[White "Mettenbrink, Tammo"]
[Black "Vlad, Mark"]
[Result "0-1"]
[Termination "normal"]
[Board "4"]
[WhiteElo "1275"]
[BlackElo "1686"]
[WhiteClock "01:16:31"]
[BlackClock "01:04:56"]
[PlyCount "132"]
[WhiteFideId "533043043"]
[BlackFideId "34663258"]
[EventCountry "GER"]
[EventRounds "9"]
[EventType "swiss"]
[EventDate "2025.06.07"]

1. e4 {[%clk 01:30:59]} c5 {[%clk 01:30:50]} {[%emt 00:00:10]} 2. Bc4 {[%clk
01:31:23]} {[%emt 00:00:06]} e6 {[%clk 01:31:14]} {[%emt 00:00:07]} 3. Nc3
{[%clk 01:31:40]} {[%emt 00:00:12]} Nc6 {[%clk 01:31:01]} {[%emt 00:00:43]} 4.
d3 {[%clk 01:31:52]} {[%emt 00:00:19]} Nge7 {[%clk 01:30:10]} {[%emt 00:01:21]}
5. Nf3 {[%clk 01:31:41]} {[%emt 00:00:41]} d5 {[%clk 01:30:12]} {[%emt
00:00:28]} 6. exd5 {[%clk 01:32:05]} {[%emt 00:00:05]} exd5 {[%clk 01:30:32]}
{[%emt 00:00:10]} 7. Bb3 {[%clk 01:32:24]} {[%emt 00:00:11]} g6 {[%clk
01:30:13]} {[%emt 00:00:49]} 8. O-O {[%clk 01:32:09]} {[%emt 00:01:11]} Bg7
{[%clk 01:28:07]} {[%emt 00:02:36]} 9. Bf4 {[%clk 01:32:13]} {[%emt 00:00:26]}
a6 {[%clk 01:26:58]} {[%emt 00:01:40]} 10. Re1 {[%clk 01:32:21]} {[%emt
00:00:22]} O-O {[%clk 01:27:03]} {[%emt 00:00:25]} 11. Re2 {[%clk 01:30:45]}
{[%emt 00:02:06]} Bg4 {[%clk 01:25:36]} {[%emt 00:01:56]} 12. Re1 {[%clk
01:29:30]} {[%emt 00:01:44]} Rc8 {[%clk 01:23:42]} {[%emt 00:02:24]} 13. h3
{[%clk 01:27:39]} {[%emt 00:02:22]} Bxf3 {[%clk 01:22:29]} {[%emt 00:01:42]}
14. Qxf3 {[%clk 01:27:49]} {[%emt 00:00:20]} Nd4 {[%clk 01:22:42]} {[%emt
00:00:18]} 15. Qd1 {[%clk 01:27:41]} {[%emt 00:00:38]} c4 {[%clk 01:21:47]}
{[%emt 00:01:25]} 16. dxc4 {[%clk 01:25:41]} {[%emt 00:02:29]} dxc4 {[%clk
01:22:07]} {[%emt 00:00:10]} 17. Ba4 {[%clk 01:25:09]} {[%emt 00:01:02]} b5
{[%clk 01:22:27]} {[%emt 00:00:09]} 18. Bxb5 {[%clk 01:24:51]} {[%emt
00:00:49]} axb5 {[%clk 01:22:41]} {[%emt 00:00:16]} 19. Nxb5 {[%clk 01:24:39]}
{[%emt 00:00:42]} Nxb5 {[%clk 01:22:17]} {[%emt 00:00:54]} 20. Qxd8 {[%clk
01:24:57]} {[%emt 00:00:12]} Rfxd8 {[%clk 01:22:28]} {[%emt 00:00:18]} 21. Rxe7
{[%clk 01:25:07]} {[%emt 00:00:20]} Bxb2 {[%clk 01:21:57]} {[%emt 00:01:02]}
22. Rae1 {[%clk 01:24:51]} {[%emt 00:00:45]} Nd4 {[%clk 01:20:37]} {[%emt
00:01:50]} 23. Bh6 {[%clk 01:24:08]} {[%emt 00:01:13]} Nf5 {[%clk 01:20:35]}
{[%emt 00:00:32]} 24. Rb7 {[%clk 01:23:57]} {[%emt 00:00:41]} Bc3 {[%clk
01:20:50]} {[%emt 00:00:15]} 25. Reb1 {[%clk 01:21:55]} {[%emt 00:02:32]} Nxh6
{[%clk 01:21:10]} {[%emt 00:00:10]} 26. a4 {[%clk 01:22:06]} {[%emt 00:00:19]}
Rd2 {[%clk 01:21:21]} {[%emt 00:00:20]} 27. Rc1 {[%clk 01:22:12]} {[%emt
00:00:25]} Bb2 {[%clk 01:21:20]} {[%emt 00:00:31]} 28. Rxb2 {[%clk 01:22:33]}
{[%emt 00:00:09]} Nf5 {[%clk 01:20:08]} {[%emt 00:01:42]} 29. a5 {[%clk
01:22:51]} {[%emt 00:00:12]} Nd4 {[%clk 01:19:13]} {[%emt 00:01:25]} 30. Kf1
{[%clk 01:22:33]} {[%emt 00:00:48]} Nb3 {[%clk 01:17:18]} {[%emt 00:02:25]} 31.
Rcb1 {[%clk 01:22:00]} {[%emt 00:01:03]} Nxa5 {[%clk 01:16:17]} {[%emt
00:01:31]} 32. Rb5 {[%clk 01:18:55]} {[%emt 00:03:35]} Nc6 {[%clk 01:15:37]}
{[%emt 00:01:10]} 33. Rc5 {[%clk 01:19:14]} {[%emt 00:00:11]} Rxc2 {[%clk
01:13:21]} {[%emt 00:02:45]} 34. Ke1 {[%clk 01:17:55]} {[%emt 00:01:49]} Re8+
{[%clk 01:10:38]} {[%emt 00:03:13]} 35. Kd1 {[%emt 00:03:28]} Nd4 {[%clk
01:09:18]} {[%emt 00:00:24]} 36. Rd5 {[%clk 01:15:50]} {[%emt 00:01:03]} Re4
{[%clk 01:06:47]} {[%emt 00:09:19]} 37. Rxd4 {[%clk 01:15:39]} {[%emt
00:00:40]} Ree2 {[%clk 01:05:13]} {[%emt 00:02:04]} 38. Rxc4 {[%clk 01:12:36]}
{[%emt 00:03:34]} Rcd2+ {[%clk 01:04:16]} {[%emt 00:01:26]} 39. Kc1 {[%clk
01:12:50]} {[%emt 00:00:17]} Rxf2 {[%clk 01:03:10]} {[%emt 00:01:35]} 40. g4
{[%clk 01:12:53]} {[%emt 00:00:27]} Rd3 {[%clk 01:01:25]} {[%emt 00:02:15]} 41.
h4 {[%clk 01:12:15]} {[%emt 00:01:08]} Rh3 {[%clk 01:00:55]} {[%emt 00:00:57]}
42. Rd4 {[%clk 01:11:44]} {[%emt 00:01:04]} Rxh4 {[%clk 00:59:33]} {[%emt
00:01:52]} 43. Rb8+ {[%clk 01:12:07]} {[%emt 00:00:07]} Kg7 {[%clk 00:59:44]}
{[%emt 00:00:18]} 44. Re8 {[%clk 01:12:18]} {[%emt 00:00:19]} Rh1+ {[%clk
00:59:03]} {[%emt 00:01:11]} 45. Rd1 {[%clk 01:12:32]} {[%emt 00:00:17]} Rxd1+
{[%clk 00:59:28]} {[%emt 00:00:06]} 46. Kxd1 {[%clk 01:12:55]} {[%emt
00:00:06]} Rf4 {[%clk 00:59:44]} {[%emt 00:00:14]} 47. g5 {[%clk 01:13:14]}
{[%emt 00:00:10]} Rf5 {[%clk 01:00:09]} {[%emt 00:00:06]} 48. Ke2 {[%clk
01:13:33]} {[%emt 00:00:11]} Rxg5 {[%clk 01:00:33]} {[%emt 00:00:06]} 49. Kf3
{[%clk 01:13:53]} {[%emt 00:00:09]} h5 {[%clk 01:00:54]} {[%emt 00:00:09]} 50.
Kf4 {[%clk 01:14:04]} {[%emt 00:00:19]} Rg4+ {[%clk 01:01:04]} {[%emt
00:00:20]} 51. Kf3 {[%clk 01:14:27]} {[%emt 00:00:07]} f5 {[%clk 01:01:24]}
{[%emt 00:00:10]} 52. Re2 {[%clk 01:14:44]} {[%emt 00:00:13]} h4 {[%clk
01:01:44]} {[%emt 00:00:10]} 53. Rh2 {[%clk 01:15:00]} {[%emt 00:00:13]} g5
{[%clk 01:02:04]} {[%emt 00:00:10]} 54. Rh3 {[%clk 01:14:59]} {[%emt 00:00:32]}
Kh6 {[%clk 01:02:07]} {[%emt 00:00:27]} 55. Rh2 {[%clk 01:15:22]} {[%emt
00:00:07]} Rg3+ {[%clk 01:02:27]} {[%emt 00:00:10]} 56. Kf2 {[%clk 01:15:45]}
{[%emt 00:00:06]} Kh5 {[%clk 01:02:48]} {[%emt 00:00:09]} 57. Rh1 {[%clk
01:16:11]} {[%emt 00:00:04]} Kg4 {[%clk 01:03:08]} {[%emt 00:00:10]} 58. Rh2
{[%clk 01:16:34]} {[%emt 00:00:06]} Rf3+ {[%clk 01:03:14]} {[%emt 00:00:24]}
59. Kg2 {[%clk 01:16:57]} {[%emt 00:00:07]} h3+ {[%clk 01:03:37]} {[%emt
00:00:07]} 60. Kg1 {[%clk 01:17:15]} {[%emt 00:00:12]} Kg3 {[%clk 01:03:48]}
{[%emt 00:00:18]} 61. Rg2+ {[%clk 01:15:03]} {[%emt 00:02:42]} Kf4 {[%clk
01:04:01]} {[%emt 00:00:17]} 62. Rh2 {[%clk 01:15:19]} {[%emt 00:00:15]} g4
{[%clk 01:04:08]} {[%emt 00:00:23]} 63. Rh1 {[%clk 01:15:34]} {[%emt 00:00:15]}
Kg3 {[%clk 01:03:56]} {[%emt 00:00:42]} 64. Rh2 {[%clk 01:15:44]} {[%emt
00:00:20]} Rf1+ {[%clk 01:04:20]} {[%emt 00:00:06]} 65. Kxf1 {[%clk 01:16:05]}
{[%emt 00:00:09]} Kxh2 {[%clk 01:04:40]} {[%emt 00:00:10]} 66. Kf2 {[%clk
01:16:31]} {[%emt 00:00:04]} g3+ {[%clk 01:04:56]} {[%emt 00:00:14]} 0-1

[Event "DEM U10 2025"]
[Site "Willingen GER"]
[Date "2025.06.14"]
[Round "9"]
[White "Sander, Tino"]
[Black "Müller, Konstantin"]
[Result "0-1"]
[Termination "normal"]
[Board "5"]
[WhiteElo "1800"]
[BlackElo "1998"]
[WhiteClock "00:04:24"]
[BlackClock "00:31:14"]
[PlyCount "104"]
[WhiteFideId "34636110"]
[BlackFideId "34661778"]
[EventCountry "GER"]
[EventRounds "9"]
[EventType "swiss"]
[EventDate "2025.06.07"]

1. e4 {[%clk 01:30:57]} {[%emt 00:00:01]} c5 {[%clk 01:30:52]} {[%emt
00:00:09]} 2. Nf3 {[%clk 01:31:21]} {[%emt 00:00:06]} e6 {[%clk 01:31:17]}
{[%emt 00:00:05]} 3. d4 {[%clk 01:31:45]} {[%emt 00:00:06]} cxd4 {[%clk
01:31:43]} {[%emt 00:00:05]} 4. Nxd4 {[%clk 01:32:06]} {[%emt 00:00:08]} Nc6
{[%clk 01:32:07]} {[%emt 00:00:06]} 5. Nc3 {[%clk 01:28:56]} {[%emt 00:03:40]}
Qc7 {[%clk 01:32:03]} {[%emt 00:00:35]} 6. a3 {[%clk 01:21:52]} {[%emt
00:07:34]} Nf6 {[%clk 01:31:55]} {[%emt 00:00:38]} 7. Be2 {[%clk 01:14:23]}
{[%emt 00:07:59]} Be7 {[%clk 01:30:36]} {[%emt 00:01:48]} 8. O-O {[%clk
01:13:47]} {[%emt 00:01:06]} O-O {[%clk 01:29:36]} {[%emt 00:01:31]} 9. Be3
{[%clk 01:12:04]} {[%emt 00:02:12]} a6 {[%clk 01:18:14]} {[%emt 00:11:53]} 10.
Rc1 {[%clk 01:03:46]} {[%emt 00:08:48]} d6 {[%clk 01:11:55]} {[%emt 00:06:48]}
11. Qd2 {[%clk 00:52:34]} {[%emt 00:11:42]} Ne5 {[%clk 01:09:56]} {[%emt
00:02:30]} 12. h3 {[%clk 00:52:07]} {[%emt 00:00:57]} b5 {[%clk 01:07:51]}
{[%emt 00:02:35]} 13. b3 {[%clk 00:43:40]} {[%emt 00:08:56]} Bb7 {[%clk
01:00:30]} {[%emt 00:07:51]} 14. f4 {[%clk 00:42:12]} {[%emt 00:01:58]} Ned7
{[%clk 01:00:24]} {[%emt 00:00:36]} 15. Bf3 {[%clk 00:42:05]} {[%emt 00:00:37]}
Rac8 {[%clk 00:44:49]} {[%emt 00:16:06]} 16. Nde2 {[%clk 00:41:54]} {[%emt
00:00:40]} Qb8 {[%clk 00:43:30]} {[%emt 00:01:49]} 17. Rfe1 {[%clk 00:29:00]}
{[%emt 00:13:24]} Rfd8 {[%clk 00:40:57]} {[%emt 00:03:04]} 18. Ng3 {[%clk
00:23:47]} {[%emt 00:05:43]} Nf8 {[%clk 00:37:04]} {[%emt 00:04:22]} 19. Bf2
{[%clk 00:21:12]} {[%emt 00:03:05]} d5 {[%clk 00:35:34]} {[%emt 00:02:01]} 20.
exd5 {[%clk 00:18:30]} {[%emt 00:03:12]} Bxa3 {[%clk 00:35:35]} {[%emt
00:00:29]} 21. Rcd1 {[%clk 00:16:04]} {[%emt 00:02:56]} Bb4 {[%clk 00:34:16]}
{[%emt 00:01:48]} 22. Bd4 {[%clk 00:13:23]} {[%emt 00:03:11]} Nxd5 {[%clk
00:34:11]} {[%emt 00:00:35]} 23. Bxd5 {[%clk 00:13:06]} {[%emt 00:00:46]} Bxd5
{[%clk 00:32:58]} {[%emt 00:01:44]} 24. Nh5 {[%clk 00:12:03]} {[%emt 00:01:33]}
f6 {[%clk 00:32:52]} {[%emt 00:00:36]} 25. Qd3 {[%clk 00:07:34]} {[%emt
00:04:59]} Qb7 {[%clk 00:28:39]} {[%emt 00:04:43]} 26. Nxd5 {[%clk 00:06:14]}
{[%emt 00:01:50]} Rxd5 {[%clk 00:28:57]} {[%emt 00:00:12]} 27. Nxf6+ {[%clk
00:05:08]} {[%emt 00:01:36]} gxf6 {[%clk 00:28:32]} {[%emt 00:00:55]} 28. Qg3+
{[%clk 00:04:56]} {[%emt 00:00:41]} Qg7 {[%clk 00:28:42]} {[%emt 00:00:20]} 29.
Qxg7+ {[%clk 00:03:23]} {[%emt 00:02:03]} Kxg7 {[%clk 00:29:06]} {[%emt
00:00:07]} 30. Re2 {[%clk 00:02:49]} {[%emt 00:01:04]} Bc3 {[%clk 00:29:11]}
{[%emt 00:00:24]} 31. Re4 {[%clk 00:02:56]} {[%emt 00:00:22]} Rcd8 {[%clk
00:29:25]} {[%emt 00:00:17]} 32. Bxc3 {[%clk 00:02:52]} {[%emt 00:00:35]} Rxd1+
{[%clk 00:29:50]} {[%emt 00:00:04]} 33. Kh2 {[%clk 00:03:16]} {[%emt 00:00:06]}
Rc8 {[%clk 00:30:07]} {[%emt 00:00:12]} 34. Bb4 {[%clk 00:03:27]} {[%emt
00:00:19]} Rxc2 {[%clk 00:30:29]} {[%emt 00:00:08]} 35. f5 {[%clk 00:03:44]}
{[%emt 00:00:14]} exf5 {[%clk 00:30:31]} {[%emt 00:00:28]} 36. Re7+ {[%clk
00:04:03]} {[%emt 00:00:10]} Kh6 {[%clk 00:30:52]} {[%emt 00:00:08]} 37. Rf7
{[%clk 00:04:24]} {[%emt 00:00:09]} Ng6 {[%clk 00:31:14]} {[%emt 00:00:08]} 38.
Rxf6 {[%clk 00:04:38]} {[%emt 00:00:17]} f4 {[%clk 00:31:26]} {[%emt 00:00:18]}
39. h4 {[%clk 00:04:37]} {[%emt 00:00:31]} Rd5 {[%clk 00:30:58]} {[%emt
00:00:57]} 40. Kh3 {[%clk 00:04:36]} {[%emt 00:00:31]} Rc8 {[%clk 00:30:54]}
{[%emt 00:00:34]} 41. Kg4 {[%clk 00:04:45]} {[%emt 00:00:21]} a5 {[%clk
00:31:06]} {[%emt 00:00:19]} 42. Bxa5 {[%clk 00:04:09]} {[%emt 00:01:06]} Rf8
{[%clk 00:31:18]} {[%emt 00:00:16]} 43. Rc6 {[%clk 00:04:26]} {[%emt 00:00:14]}
Rd3 {[%clk 00:31:17]} {[%emt 00:00:31]} 44. Be1 {[%clk 00:04:36]} {[%emt
00:00:20]} f3 {[%clk 00:31:06]} {[%emt 00:00:42]} 45. gxf3 {[%clk 00:04:21]}
{[%emt 00:00:45]} Rd4+ {[%clk 00:31:22]} {[%emt 00:00:13]} 46. Kg3 {[%clk
00:04:26]} {[%emt 00:00:25]} Rd3 {[%clk 00:30:46]} {[%emt 00:01:06]} 47. Kg2
{[%clk 00:03:50]} {[%emt 00:01:06]} Rdxf3 {[%clk 00:30:16]} {[%emt 00:01:00]}
48. Bd2+ {[%clk 00:04:01]} {[%emt 00:00:19]} Kh5 {[%clk 00:30:26]} {[%emt
00:00:21]} 49. Rc5+ {[%clk 00:03:56]} {[%emt 00:00:35]} R8f5 {[%clk 00:30:42]}
{[%emt 00:00:14]} 50. Rc7 {[%clk 00:04:03]} {[%emt 00:00:23]} Nxh4+ {[%clk
00:30:41]} {[%emt 00:00:32]} 51. Kh2 {[%clk 00:04:00]} {[%emt 00:00:33]} Rf2+
{[%clk 00:31:03]} {[%emt 00:00:08]} 52. Kg1 {[%clk 00:04:24]} {[%emt 00:00:06]}
Rg2+ {[%clk 00:31:14]} {[%emt 00:00:20]} 0-1

[Event "DEM U10 2025"]
[Site "Willingen GER"]
[Date "2025.06.14"]
[Round "9"]
[White "Kutlar, Aras"]
[Black "Liu, Jonas"]
[Result "1/2-1/2"]
[Termination "normal"]
[Board "6"]
[WhiteElo "1835"]
[BlackElo "1645"]
[WhiteClock "00:37:55"]
[BlackClock "00:06:26"]
[PlyCount "108"]
[WhiteFideId "51682117"]
[BlackFideId "34660941"]
[EventCountry "GER"]
[EventRounds "9"]
[EventType "swiss"]
[EventDate "2025.06.07"]

1. e4 {[%clk 01:30:55]} {[%emt 00:00:04]} c5 {[%clk 01:30:48]} {[%emt
00:00:13]} 2. Nf3 {[%clk 01:31:09]} {[%emt 00:00:15]} d6 {[%clk 01:31:01]}
{[%emt 00:00:18]} 3. Bb5+ {[%clk 01:31:19]} {[%emt 00:00:20]} Bd7 {[%clk
01:31:03]} {[%emt 00:00:28]} 4. Bxd7+ {[%clk 01:31:36]} {[%emt 00:00:14]} Nxd7
{[%clk 01:31:14]} {[%emt 00:00:19]} 5. O-O {[%clk 01:31:40]} {[%emt 00:00:25]}
e6 {[%clk 01:31:09]} {[%emt 00:00:36]} 6. c3 {[%clk 01:31:29]} {[%emt
00:00:41]} Ngf6 {[%clk 01:29:51]} {[%emt 00:01:48]} 7. Re1 {[%clk 01:31:23]}
{[%emt 00:00:35]} Be7 {[%clk 01:29:55]} {[%emt 00:00:27]} 8. d4 {[%clk
01:31:25]} {[%emt 00:00:27]} O-O {[%clk 01:29:44]} {[%emt 00:00:41]} 9. Bg5
{[%clk 01:30:49]} {[%emt 00:01:06]} h6 {[%clk 01:27:29]} {[%emt 00:02:45]} 10.
Bh4 {[%clk 01:30:26]} {[%emt 00:00:53]} a6 {[%clk 01:24:22]} {[%emt 00:03:37]}
11. a4 {[%emt 00:02:46]} Ne8 {[%clk 01:20:37]} {[%emt 00:04:12]} 12. Bg3 {[%clk
01:27:11]} {[%emt 00:01:32]} b5 {[%clk 01:19:42]} {[%emt 00:01:26]} 13. axb5
{[%clk 01:26:32]} {[%emt 00:01:08]} axb5 {[%clk 01:20:02]} {[%emt 00:00:10]}
14. Rxa8 {[%clk 01:25:16]} {[%emt 00:01:46]} Qxa8 {[%clk 01:20:25]} {[%emt
00:00:07]} 15. Na3 {[%clk 01:24:57]} {[%emt 00:00:50]} b4 {[%clk 01:15:34]}
{[%emt 00:05:21]} 16. Nc4 {[%clk 01:24:23]} {[%emt 00:01:04]} Qa2 {[%clk
01:09:30]} {[%emt 00:06:34]} 17. Nfd2 {[%clk 01:22:04]} {[%emt 00:02:48]} Qa7
{[%clk 01:04:21]} {[%emt 00:05:39]} 18. Qa1 {[%clk 01:20:38]} {[%emt 00:01:57]}
Qxa1 {[%clk 00:54:34]} {[%emt 00:10:15]} 19. Rxa1 {[%clk 01:21:01]} {[%emt
00:00:07]} d5 {[%clk 00:50:47]} {[%emt 00:04:17]} 20. Ra7 {[%clk 01:20:13]}
{[%emt 00:01:18]} bxc3 {[%clk 00:41:35]} {[%emt 00:09:43]} 21. bxc3 {[%clk
01:19:00]} {[%emt 00:01:41]} Nef6 {[%clk 00:31:24]} {[%emt 00:10:42]} 22. Ne5
{[%clk 01:18:20]} {[%emt 00:01:10]} cxd4 {[%clk 00:24:18]} {[%emt 00:07:36]}
23. cxd4 {[%clk 01:18:14]} {[%emt 00:00:36]} Nxe5 {[%clk 00:22:50]} {[%emt
00:01:59]} 24. dxe5 {[%clk 01:15:44]} {[%emt 00:02:59]} Bb4 {[%clk 00:22:52]}
{[%emt 00:00:28]} 25. exf6 {[%clk 01:15:29]} {[%emt 00:00:44]} Bxd2 {[%clk
00:23:06]} {[%emt 00:00:18]} 26. fxg7 {[%clk 01:15:19]} {[%emt 00:00:39]} Rc8
{[%clk 00:23:20]} {[%emt 00:00:16]} 27. Kf1 {[%clk 01:15:02]} {[%emt 00:00:46]}
dxe4 {[%clk 00:22:50]} {[%emt 00:01:01]} 28. Ke2 {[%clk 01:14:31]} {[%emt
00:01:01]} Bc3 {[%clk 00:20:57]} {[%emt 00:02:23]} 29. Ke3 {[%clk 01:13:37]}
{[%emt 00:01:24]} Rc4 {[%clk 00:18:50]} {[%emt 00:02:37]} 30. Rd7 {[%clk
01:11:46]} {[%emt 00:02:20]} Bxg7 {[%clk 00:18:24]} {[%emt 00:00:56]} 31. Rd8+
{[%clk 01:11:14]} {[%emt 00:01:02]} Kh7 {[%clk 00:18:43]} {[%emt 00:00:11]} 32.
h4 {[%clk 01:11:02]} {[%emt 00:00:42]} h5 {[%clk 00:18:15]} {[%emt 00:00:59]}
33. Kf4 {[%clk 01:09:53]} {[%emt 00:01:37]} f6 {[%clk 00:15:59]} {[%emt
00:02:46]} 34. Ke3 {[%clk 01:09:11]} {[%emt 00:01:12]} Bh6+ {[%clk 00:15:52]}
{[%emt 00:00:37]} 35. Ke2 {[%clk 01:07:29]} {[%emt 00:02:13]} Rc2+ {[%clk
00:16:05]} {[%emt 00:00:17]} 36. Kd1 {[%clk 01:07:17]} {[%emt 00:00:42]} Ra2
{[%clk 00:14:32]} {[%emt 00:02:03]} 37. Rd6 {[%clk 00:59:52]} {[%emt 00:07:55]}
Kg6 {[%clk 00:12:06]} {[%emt 00:02:56]} 38. Rxe6 {[%clk 00:59:47]} {[%emt
00:00:36]} Kf5 {[%clk 00:12:25]} {[%emt 00:00:11]} 39. Re8 {[%clk 00:56:45]}
{[%emt 00:03:32]} e3 {[%clk 00:11:12]} {[%emt 00:01:43]} 40. fxe3 {[%clk
00:55:52]} {[%emt 00:01:23]} Rxg2 {[%clk 00:11:12]} {[%emt 00:00:30]} 41. Be1
{[%clk 00:55:03]} {[%emt 00:01:18]} Rh2 {[%clk 00:08:53]} {[%emt 00:02:49]} 42.
e4+ {[%clk 00:53:05]} {[%emt 00:02:28]} Kg6 {[%clk 00:08:37]} {[%emt 00:00:47]}
43. Rg8+ {[%clk 00:52:45]} {[%emt 00:00:50]} Kf7 {[%clk 00:08:43]} {[%emt
00:00:24]} 44. Ra8 {[%clk 00:52:27]} {[%emt 00:00:49]} Rg2 {[%clk 00:07:51]}
{[%emt 00:01:21]} 45. Ra6 {[%clk 00:51:10]} {[%emt 00:01:47]} Bg7 {[%clk
00:05:30]} {[%emt 00:02:51]} 46. Ra7+ {[%clk 00:50:38]} {[%emt 00:01:02]} Kg6
{[%clk 00:05:41]} {[%emt 00:00:18]} 47. Ra6 {[%clk 00:49:39]} {[%emt 00:01:30]}
Kh7 {[%clk 00:05:46]} {[%emt 00:00:25]} 48. Ra3 {[%clk 00:47:36]} {[%emt
00:02:33]} Rg4 {[%clk 00:05:25]} {[%emt 00:00:50]} 49. Re3 {[%clk 00:42:33]}
{[%emt 00:05:33]} Rg2 {[%clk 00:05:10]} {[%emt 00:00:44]} 50. Re2 {[%clk
00:37:35]} {[%emt 00:05:28]} Rxe2 {[%clk 00:05:29]} {[%emt 00:00:09]} 51. Kxe2
{[%clk 00:38:00]} {[%emt 00:00:10]} Kg6 {[%clk 00:05:44]} {[%emt 00:00:14]} 52.
Bd2 {[%clk 00:37:38]} {[%emt 00:00:51]} f5 {[%clk 00:06:05]} {[%emt 00:00:10]}
53. exf5+ {[%clk 00:37:34]} {[%emt 00:00:35]} Kxf5 {[%clk 00:06:26]} {[%emt
00:00:09]} 54. Kf3 {[%clk 00:37:55]} {[%emt 00:00:09]} Bf6 {[%emt 00:00:09]}
1/2-1/2